00354nam a2200121Ia 4500020001800000082001400018100002200032245006500054260003400119300001400153650004400167650002100211 a9781850652847 a952 KRA-; aKratoska, Paul H. 0aJapanese occupation of Malaya: a social and economic history aLondonbHurst & Companyc1998 axxi, 404p aJAPANESE OCCUPATION OF MALAYA 1942-1945 aECONOMIC HISTORY